000 00492nam a2200181Ia 4500
008 090124s9999 xx 000 0 und d
082 _b126742
100 _aजोशी दिलीप
245 _a स्वप्नगंधा
250 _a1
260 _c1995
300 _a164
600 _aजोशी दिलीप
630 _a स्वप्नगंधा
700 _aजोशी दिलीप
730 _a स्वप्नगंधा
942 _cBOOK
999 _c172832
_d172832